| 000 | 00565nam a2200205 a 4500 | ||
|---|---|---|---|
| 999 |
_c8755 _d8755 |
||
| 003 | BD-JhCC | ||
| 005 | 20180303185225.0 | ||
| 008 | 180303s1965 xxua|||| |||| 000 0 eng d | ||
| 035 | _a(BD-JhCC) | ||
| 040 |
_aBD-JhCC _dBD-JhCC |
||
| 041 | _aeng | ||
| 082 |
_a540.71 _bKAR 1965 |
||
| 100 | _aKarim, M. A. | ||
| 245 |
_aA Text Book of Paractical Chemistry : _b[For I. Sc. Students] / _cM. A. Karim, M.Sc. |
||
| 260 |
_aDhaka : _bMullick Brothers, _c1965. |
||
| 300 |
_aviii, 232 p. : _billus., _c18 cm. |
||
| 650 | _aChemistry | ||
| 942 |
_2ddc _cBK |
||